000 01845agaaa2200325 4500
001 7332
003 IT-RoPAU
005 20220918181252.0
007 d cvaizq
008 50131s9999||||xx ||| | || ||und||
040 _aIT-RoPAU
_cIT-RoPAU
041 _aITALIANO
100 _aZeffirelli Franco
_gCodice regista SPICS: 3356
_949571
130 _aAMORE SENZA FINE
_949572
240 _aENDLESS LOVE
_gT0021
245 _aAMORE SENZA FINE
_cProdotto da: Lovell Dyson -- Sceneggiatura: Rascoe Judith Dal Romanzo Di Spencer Scott -- Diretto da: Zeffirelli Franco
_pAMORE SENZA FINE (Rif. Codice opera principale : 37332)
246 _aENDLESS LOVE
250 _aEdizione Standard
260 _aITALIA (STATI UNITI)
_bPOLYGRAM / Distribuzione: RAI
_g"1981 (1° ed.: 1986 ; Ed. Lingua Orig.: 1981)"
300 _aVHS
_bsonoro, col.
_c115 minuti
508 _a"Fotografia: Watkin David; Montaggio: Sheridan Michael J.; Musica: Tunick Jonathan; Sceneggiatura: Rascoe Judith Dal Romanzo Di Spencer Scott; Scenografia: Wittstein Ed; "
511 _a"Shields Brooke; Hewitt Martin; Knight Shirley; Murray Don; Stright Beatrice; Kiley R"
520 _aLEI HA 15 ANNI LUI 17 SI AMANO E SI INCONTRANO QUASI OGNI NOTTE NELLA VILLETTA DI LEI IL PADRE DELLA RAGAZZA SCOPRE LA TRESCA E IMPONE AL GIOVANE INNAMORATO DI STARLE ALLA LARGA ALMENO PER UN MESE FINCHE' LEI NON AVRA' TERMINATO LA SCUOLA IL GIOVANE PERO' NON MANTIENE E PROVOCA FORTUITAMENTE LA MORTE DEL GENITORE DI LEI FINISCE IN GALERA MA L'AMORE RESISTE A OGNI AVVERSITA' FILM A COLORI
538 _aPAL, STEREO
546 _aITALIANO
650 _aCOMMEDIA
_eFILMS [VHS]
_xCodice MATERIA SPICS: 9960
_949573
700 _aTunick Jonathan
_e(musica)
_gCodice Musica SPICS: 32058
_949574
700 _aZeffirelli Franco
_e(regista)
_gCodice regista SPICS: 3356
_949575
942 _cVH
_2ddc
999 _c106943
_d106943